[Event "VIE-chT (Women)"]
[Site "Hanoi"]
[Date "2023.04.20"]
[Round "5"]
[White "Hoang, Thi Hai Anh"]
[Black "Le, Khac Minh Thu"]
[Result "1/2-1/2"]
[WhiteElo "1866"]
[BlackElo "1323"]
[PlyCount "112"]
[EventDate "2023.04.18"]
[EventType "swiss"]
[EventRounds "9"]
[EventCountry "VIE"]
[SourceTitle "EXT 2024"]
[Source "ChessBase"]
[SourceDate "2023.10.10"]
[SourceVersion "1"]
[SourceVersionDate "2023.10.10"]
[SourceQuality "1"]

1. d4 d5 2. c4 e6 3. Nf3 Nf6 4. Nc3 h6 5. Bf4 Bd6 6. Bg3 Bxg3 7. hxg3 c6 8. e3 Nbd7 9. Bd3 Qe7 10. Qc2 b6 11. e4 dxe4 12. Nxe4 Bb7 13. 0-0 0-0 14. Rfe1 Nxe4 15. Bxe4 Nf6 16. Ne5 Nxe4 17. Qxe4 Rac8 18. Rad1 Rfd8 19. Qf4 Qc7 20. b4 b5 21. c5 Ra8 22. Qe3 a5 23. a3 axb4 24. axb4 Ra4 25. Qc3 Rda8 26. Ra1 Qd8 27. Nf3 Rxa1 28. Rxa1 Rxa1+ 29. Qxa1 Qa8 30. Qxa8+ Bxa8 31. Nd2 Bb7 32. Kf1 Kf8 33. Ke2 Bc8 34. Ke3 Ke7 35. f4 f5 36. Nf3 Bd7 37. Ne5 h5 38. Kf2 Be8 39. Kg1 Kf6 40. Nf3 Ke7 41. Kh2 Kf6 42. Kh3 Bf7 43. Kh4 Bg6 44. Ne5 Be8 45. Nd3 Bf7 46. Nc1 Be8 47. Nb3 Bf7 48. Na5 Be8 49. Nb7 Kg6 50. Nd6 Bd7 51. g4 hxg4 52. g3 Kh7 53. Kg5 Kh8 54. Kh5 Kh7 55. Kg5 Kh8 56. Nf7+ Kh7 1/2-1/2

[Event "VIE-chT (Women)"]
[Site "Hanoi"]
[Date "2023.04.19"]
[Round "3"]
[White "Hoang, Thi Hai Anh"]
[Black "Pham, Le Thao Nguyen"]
[Result "1/2-1/2"]
[WhiteElo "1866"]
[BlackElo "2369"]
[PlyCount "61"]
[EventDate "2023.04.18"]
[EventType "swiss"]
[EventRounds "9"]
[EventCountry "VIE"]
[SourceTitle "EXT 2024"]
[Source "ChessBase"]
[SourceDate "2023.10.10"]
[SourceVersion "1"]
[SourceVersionDate "2023.10.10"]
[SourceQuality "1"]

1. d4 Nf6 2. Nf3 d5 3. c4 c6 4. Nc3 dxc4 5. a4 Bf5 6. e3 e6 7. Bxc4 Bb4 8. 0-0 Nbd7 9. Qe2 Bg6 10. Ne5 Nxe5 11. dxe5 Nd7 12. f4 0-0 13. Rd1 Qc7 14. Bd2 a5 15. Be1 Nb6 16. Bb3 Rfd8 17. Rac1 Qe7 18. Na2 Bxe1 19. Qxe1 Nd5 20. Bxd5 exd5 21. g4 Be4 22. h3 f6 23. Qh4 Re8 24. exf6 gxf6 25. Nc3 Bf3 26. Re1 d4 27. exd4 Qd6 28. Kf2 Be4 29. Qg3 Qxd4+ 30. Qe3 Qxe3+ 31. Rxe3 1/2-1/2

[Event "Hanoi op (Women)"]
[Site "Hanoi"]
[Date "2022.08.22"]
[Round "3"]
[White "Hoang, Thi Hai Anh"]
[Black "Nguyen, My Hanh An"]
[Result "0-1"]
[WhiteElo "1866"]
[BlackElo "1596"]
[PlyCount "103"]
[EventDate "2022.08.20"]
[EventType "swiss"]
[EventRounds "9"]
[EventCountry "VIE"]
[SourceTitle "CBM 209 Extra"]
[Source "ChessBase"]
[SourceDate "2022.09.30"]
[SourceVersion "1"]
[SourceVersionDate "2022.09.30"]
[SourceQuality "1"]

1. d4 d5 2. Nf3 Nf6 3. c4 dxc4 4. e3 a6 5. a4 Bg4 6. Bxc4 Nc6 7. 0-0 e6 8. b3 Be7 9. Bb2 0-0 10. Nbd2 Nb4 11. h3 Bh5 12. g4 Bg6 13. Rc1 Bd6 14. Ne5 Bxe5 15. dxe5 Ne4 16. Nxe4 Bxe4 17. f3 Bc6 18. Ba3 Qe7 19. Qe1 a5 20. Bxb4 axb4 21. f4 Rfd8 22. Qf2 Be4 23. Rcd1 c5 24. Qe2 h6 25. Bd3 Bxd3 26. Rxd3 Rxd3 27. Qxd3 Rd8 28. Qc2 Rd5 29. Rf2 Qd7 30. Kh2 b6 31. e4 Rd3 32. Qb2 Qd4 33. Qxd4 Rxd4 34. Re2 Rd3 35. Rb2 Re3 36. Kg2 Rxe4 37. Kf3 Rd4 38. Ke3 Rd1 39. Kf2 Rd3 40. Kg2 Kf8 41. Rb1 Ke7 42. h4 Kd7 43. g5 hxg5 44. hxg5 Ke7 45. Kf2 f6 46. Ke2 Rc3 47. gxf6+ gxf6 48. Rh1 fxe5 49. fxe5 Kf7 50. Rh7+ Kg6 51. Re7 Kf5 52. Rb7 0-1

[Event "VIE-ch (Women)"]
[Site "Tinh Bac Giang"]
[Date "2022.02.28"]
[Round "5"]
[White "Vu, My Linh"]
[Black "Hoang, Thi Hai Anh"]
[Result "1/2-1/2"]
[WhiteElo "1469"]
[BlackElo "1910"]
[PlyCount "109"]
[EventDate "2022.02.28"]
[EventType "swiss"]
[EventRounds "9"]
[EventCountry "VIE"]
[SourceTitle "CBM 207 Extra"]
[Source "ChessBase"]
[SourceDate "2022.05.31"]
[SourceVersion "1"]
[SourceVersionDate "2022.05.31"]
[SourceQuality "1"]

1. d4 d5 2. Nf3 Nf6 3. g3 Bf5 4. Bg2 e6 5. 0-0 Bd6 6. c4 c6 7. Nc3 Nbd7 8. Nh4 Bg4 9. f3 Bh5 10. cxd5 exd5 11. Nf5 Bf8 12. e4 Bg6 13. Re1 Bxf5 14. exd5+ Be7 15. d6 Be6 16. dxe7 Kxe7 17. Bh3 Re8 18. Qb3 Qb6 19. Bxe6 fxe6 20. Rxe6+ Kf8 21. Qa3+ Kf7 22. Rxe8 Rxe8 23. Qb3+ Qxb3 24. axb3 a6 25. Kf2 Nb6 26. Bg5 Nbd5 27. Re1 Rd8 28. Ne4 Nb4 29. Rd1 Nc2 30. Bxf6 gxf6 31. Nc5 b6 32. Nxa6 Rxd4 33. Rxd4 Nxd4 34. b4 Ke6 35. Ke3 Nb5 36. g4 Kd7 37. Kf4 Nd6 38. b5 c5 39. Nb8+ Ke6 40. h4 h6 41. g5 hxg5+ 42. hxg5 fxg5+ 43. Kxg5 Nxb5 44. f4 Kd6 45. Kf6 Kc7 46. Na6+ Kb7 47. Nxc5+ bxc5 48. Ke6 Kc6 49. f5 c4 50. f6 Nd4+ 51. Ke5 Nf3+ 52. Kf4 Nh4 53. Kg5 Nf3+ 54. Kf4 Nd4 55. Ke5 1/2-1/2

[Event "Hanoi (Women) op 12"]
[Site "Hanoi"]
[Date "2022.??.??"]
[Round "9"]
[White "Hoang, Thi Hai Anh"]
[Black "Nguyen, Hong Anh"]
[Result "1/2-1/2"]
[WhiteElo "1866"]
[BlackElo "1987"]
[PlyCount "80"]
[EventDate "2022.12.11"]
[EventType "swiss"]
[EventRounds "9"]
[EventCountry "VIE"]
[SourceTitle "CBM 211 Extra"]
[Source "ChessBase"]
[SourceDate "2023.01.31"]
[SourceVersion "1"]
[SourceVersionDate "2023.01.31"]
[SourceQuality "1"]

1. d4 Nf6 2. c4 g6 3. g3 c6 4. Bg2 d5 5. cxd5 cxd5 6. Nf3 Nc6 7. 0-0 Bg7 8. Nc3 Ne4 9. Bf4 Nxc3 10. bxc3 0-0 11. Qc1 b6 12. Bh6 Bf5 13. Bxg7 Kxg7 14. Nh4 Be6 15. f4 f6 16. f5 Bf7 17. fxg6 hxg6 18. e4 dxe4 19. Bxe4 Nxd4 20. Qd1 Ne6 21. Bxa8 Qxa8 22. Qg4 Ng5 23. Rae1 Qc6 24. Nf3 Nxf3+ 25. Qxf3 Qxf3 26. Rxf3 e5 27. Rd3 Be6 28. Rd6 Kf7 29. Rc6 Bd5 30. Rc7+ Ke6 31. Rxa7 Rc8 32. Rc1 f5 33. a4 Rc6 34. a5 bxa5 35. Rxa5 g5 36. Ra4 Bc4 37. Ra5 Bd5 38. c4 Bxc4 39. Ra4 Kd5 40. Ra5+ Ke6 1/2-1/2

[Event "VIE-ch (Women)"]
[Site "Hanoi"]
[Date "2020.10.08"]
[Round "5"]
[White "Hoang, Thi Hai Anh"]
[Black "Nguyen, Thien Ngan"]
[Result "1-0"]
[WhiteElo "1885"]
[BlackElo "1816"]
[PlyCount "161"]
[EventDate "2020.10.05"]
[EventType "swiss"]
[EventRounds "9"]
[EventCountry "VIE"]
[SourceTitle "EXT 2022"]
[Source "ChessBase"]
[SourceDate "2021.10.06"]
[SourceVersion "1"]
[SourceVersionDate "2021.10.06"]
[SourceQuality "1"]

1. d4 d5 2. c4 e6 3. Nf3 c5 4. Nc3 Nc6 5. cxd5 exd5 6. Bf4 Nf6 7. e3 Be7 8. Be2 0-0 9. 0-0 Nh5 10. dxc5 Nxf4 11. exf4 d4 12. Na4 Bf6 13. Rc1 Qc7 14. Qd2 Bf5 15. Rfd1 Rad8 16. b4 d3 17. Bf1 a5 18. bxa5 Nxa5 19. Nb6 Nc6 20. Nc4 Be7 21. Nce5 Nxe5 22. Nxe5 Bxc5 23. Bxd3 Bxd3 24. Nxd3 b6 25. Qc2 Qe7 26. Ne5 Qe6 27. g3 f6 28. Qc4 Qxc4 29. Nxc4 Rxd1+ 30. Rxd1 Ra8 31. Rd2 Kf7 32. Kg2 Ke6 33. Kf3 Ra4 34. Ne3 Ra3 35. f5+ Ke7 36. Ke4 Ra4+ 37. Kd5 Kd7 38. Nc4 Kc7 39. Rc2 Kd7 40. f3 Ra8 41. Nd2 Bd6 42. Nc4 Bc5 43. f4 Re8 44. a4 Re1 45. a5 Rd1+ 46. Rd2 Rb1 47. Nxb6+ Bxb6 48. axb6 Rxb6 49. Kc5+ Kc7 50. Ra2 Rc6+ 51. Kd5 Rd6+ 52. Ke4 Kb6 53. Rc2 Rd1 54. h4 Rd8 55. g4 Rd1 56. g5 Rd8 57. gxf6 gxf6 58. Kf3 h5 59. Rg2 Kc5 60. Rg6 Rd3+ 61. Ke4 Rd4+ 62. Ke3 Rd6 63. Rh6 Kd5 64. Rxh5 Ra6 65. Kf3 Ra3+ 66. Kg4 Ra1 67. Rh6 Ke4 68. Rxf6 Rg1+ 69. Kh5 Kxf4 70. Rg6 Rf1 71. f6 Ke5 72. Kg5 Rf5+ 73. Kh6 Rxf6 74. Kg7 Rf1 75. h5 Ra1 76. Rf6 Ra7+ 77. Rf7 Ra1 78. h6 Ke6 79. h7 Rg1+ 80. Kf8 Ra1 81. Re7+ 1-0

[Event "VIE-chB (Women)"]
[Site "Ba Dinh"]
[Date "2018.11.30"]
[Round "5"]
[White "Pham, Thi Thu Hien"]
[Black "Hoang, Thi Hai Anh"]
[Result "1-0"]
[WhiteElo "2092"]
[BlackElo "1885"]
[PlyCount "105"]
[EventDate "2018.11.28"]
[EventType "swiss"]
[EventRounds "9"]
[EventCountry "VIE"]
[SourceTitle "EXT 2021"]
[Source "ChessBase"]
[SourceDate "2020.10.23"]
[SourceVersion "1"]
[SourceVersionDate "2020.10.23"]
[SourceQuality "1"]

1. e4 d5 2. exd5 Qxd5 3. Nc3 Qa5 4. d4 c6 5. Bc4 Nf6 6. Nf3 Bf5 7. Bd2 Qb6 8. Bb3 e6 9. Qe2 Bd6 10. h3 0-0 11. g4 Bg6 12. 0-0-0 a5 13. Ne5 Nd5 14. Nxg6 Nxc3 15. Bxc3 hxg6 16. h4 a4 17. Bxe6 Re8 18. Bxf7+ Kxf7 19. Qc4+ Kf8 20. Rh3 Re4 21. Rf3+ Rf4 22. Rxf4+ Bxf4+ 23. Kb1 Na6 24. d5 g5 25. d6 Qd8 26. Rd3 Qd7 27. hxg5 Qxg4 28. a3 Rd8 29. Ka2 Qxg5 30. Rf3 Qd5 31. Rxf4+ Kg8 32. Be5 Nc5 33. Qxd5+ cxd5 34. Rd4 Nd7 35. Bg3 Nb6 36. Rb4 Nc4 37. Rxb7 Nxd6 38. Ra7 Ne4 39. Rxa4 Kf7 40. Rd4 Rc8 41. Rxd5 Rxc2 42. Kb3 Re2 43. a4 Nd2+ 44. Kb4 Nb1 45. b3 Re4+ 46. Kc5 Nc3 47. Rd4 Re8 48. a5 Ne4+ 49. Kc6 Re6+ 50. Kc7 Nc3 51. Rd7+ Kf6 52. Kb7 Ne4 53. b4 1-0

[Event "VIE Cup (Women)"]
[Site "Bac Giang"]
[Date "2018.05.31"]
[Round "3"]
[White "Hoang, Thi Hai Anh"]
[Black "Hoang, Thi Bao Tram"]
[Result "1/2-1/2"]
[WhiteElo "1892"]
[BlackElo "2366"]
[PlyCount "129"]
[EventDate "2018.05.30"]
[EventType "swiss"]
[EventRounds "9"]
[EventCountry "VIE"]
[SourceTitle "CBM 184 Extra"]
[Source "ChessBase"]
[SourceDate "2018.06.28"]
[SourceVersion "1"]
[SourceVersionDate "2018.06.28"]
[SourceQuality "1"]

1. d4 d5 2. c4 c6 3. Nc3 Nf6 4. Nf3 dxc4 5. a4 Bf5 6. e3 e6 7. Bxc4 Bb4 8. 0-0 0-0 9. Qe2 Bg6 10. Ne5 Nbd7 11. Nxg6 hxg6 12. Rd1 Qa5 13. Bd2 Rad8 14. Na2 Bxd2 15. Qxd2 Qxd2 16. Rxd2 e5 17. Rad1 Nb6 18. Bb3 Ne4 19. Re2 exd4 20. exd4 Nf6 21. g3 Rd7 22. Nc3 Rfd8 23. a5 Nbd5 24. Nxd5 Nxd5 25. Bxd5 Rxd5 26. a6 bxa6 27. Rc1 R8d6 28. Re8+ Kh7 29. Re7 Rf6 30. Rxa7 Rxd4 31. Rc2 Ra4 32. Rc7 Rb4 33. R7xc6 Rxb2 34. Rxf6 Rb1+ 35. Kg2 gxf6 36. Rc6 Ra1 37. Rxf6 Kg7 38. Rb6 Kf8 39. Rb8+ Ke7 40. Rb7+ Ke6 41. Rb6+ Kf5 42. h3 a5 43. g4+ Kg5 44. Kg3 Ra3+ 45. f3 a4 46. h4+ Kh6 47. Rb7 Kg7 48. Kf4 Rb3 49. Ra7 a3 50. h5 Rc3 51. Kg5 gxh5 52. gxh5 Rxf3 53. Kg4 Rb3 54. Kg5 Rb5+ 55. Kg4 Rb3 56. Kg5 Kg8 57. Kf6 Rf3+ 58. Kg5 Re3 59. Kf6 Rf3+ 60. Kg5 Rg3+ 61. Kf6 Kh7 62. Rxf7+ Kh6 63. Ra7 Kxh5 64. Kf5 Rf3+ 65. Ke4 1/2-1/2

[Event "Hanoi HD Bank op-B 8th"]
[Site "Hanoi"]
[Date "2018.03.11"]
[Round "3"]
[White "Hoang, Thi Hai Anh"]
[Black "Dang, Anh Minh"]
[Result "1/2-1/2"]
[WhiteElo "1910"]
[BlackElo "1725"]
[PlyCount "103"]
[EventDate "2018.03.10"]
[EventType "swiss"]
[EventRounds "9"]
[EventCountry "VIE"]
[SourceTitle "CBM 183 Extra"]
[Source "ChessBase"]
[SourceDate "2018.04.19"]
[SourceVersion "1"]
[SourceVersionDate "2018.04.19"]
[SourceQuality "1"]

1. d4 Nf6 2. c4 g6 3. Nc3 d5 4. cxd5 Nxd5 5. e4 Nxc3 6. bxc3 Bg7 7. Be3 c5 8. Bb5+ Bd7 9. Qb3 cxd4 10. Bxd7+ Qxd7 11. cxd4 Nc6 12. Ne2 0-0 13. Rd1 Rac8 14. 0-0 Na5 15. Qb1 Nc4 16. Bf4 b5 17. Qc1 Nd6 18. Qe3 Rc2 19. Bxd6 Qxd6 20. e5 Qd7 21. a3 e6 22. Nc3 Rc8 23. Ne4 Qd8 24. Rd3 Bf8 25. Nf6+ Kg7 26. d5 exd5 27. Nxd5 Bc5 28. Qf3 Qg5 29. Ne3 Bxe3 30. Rxe3 Qe7 31. g3 a5 32. Qd5 R8c5 33. Qd4 Qe6 34. Rd1 Rc1 35. Rxc1 Rxc1+ 36. Kg2 Rc4 37. Qd6 b4 38. axb4 Rxb4 39. Rd3 Rb6 40. Qc5 Qc6+ 41. Qxc6 Rxc6 42. Ra3 Rc5 43. f4 g5 44. Kf3 Kg6 45. Rd3 gxf4 46. gxf4 Kf5 47. Rd7 Rc3+ 48. Kf2 Kxf4 49. Rxf7+ Kxe5 50. Rxh7 a4 51. Rh5+ Kf6 52. Ke2 1/2-1/2

[Event "Hanoi HD Bank op-B 8th"]
[Site "Hanoi"]
[Date "2018.03.10"]
[Round "2"]
[White "Hoang, Quoc Khanh"]
[Black "Hoang, Thi Hai Anh"]
[Result "0-1"]
[WhiteElo "1650"]
[BlackElo "1910"]
[PlyCount "88"]
[EventDate "2018.03.10"]
[EventType "swiss"]
[EventRounds "9"]
[EventCountry "VIE"]
[SourceTitle "CBM 183 Extra"]
[Source "ChessBase"]
[SourceDate "2018.04.19"]
[SourceVersion "1"]
[SourceVersionDate "2018.04.19"]
[SourceQuality "1"]

1. d4 Nf6 2. Nf3 c6 3. g3 d5 4. Bg2 h6 5. 0-0 Bf5 6. c4 dxc4 7. Ne5 Nbd7 8. Nxc4 e6 9. Nc3 Nb6 10. Ne5 Bb4 11. a3 Bxc3 12. bxc3 0-0 13. Qb3 Nfd7 14. Nxd7 Qxd7 15. Bb2 Rfc8 16. Rfd1 Qc7 17. c4 Nd7 18. Rac1 Rab8 19. a4 Nf6 20. f3 Qb6 21. Qxb6 axb6 22. e4 Bg6 23. d5 cxd5 24. Bxf6 gxf6 25. cxd5 Kf8 26. Kf2 Rc5 27. Rxc5 bxc5 28. Bf1 exd5 29. Rxd5 b6 30. Ke3 Ke7 31. g4 Rd8 32. Rxd8 Kxd8 33. Bc4 Ke7 34. f4 Bh7 35. f5 Bg8 36. Kf4 Bh7 37. h4 Bg8 38. g5 fxg5+ 39. hxg5 hxg5+ 40. Kg4 Kf6 41. Bd5 Ke5 42. Kxg5 f6+ 43. Kg6 Bxd5 44. exd5 c4 0-1

[Event "VIE-ch (Women)"]
[Site "Bac Giang"]
[Date "2017.11.26"]
[Round "6"]
[White "Hoang, Thi Hai Anh"]
[Black "Luu, Ha Bich Ngoc"]
[Result "1/2-1/2"]
[WhiteElo "1910"]
[BlackElo "1385"]
[PlyCount "105"]
[EventDate "2017.11.23"]
[EventType "swiss"]
[EventRounds "9"]
[EventCountry "VIE"]
[SourceTitle "CBM 181 Extra"]
[Source "ChessBase"]
[SourceDate "2017.12.12"]
[SourceVersion "1"]
[SourceVersionDate "2017.12.12"]
[SourceQuality "1"]

1. d4 Nf6 2. c4 e6 3. Nf3 d5 4. e3 c6 5. Nbd2 Be7 6. Bd3 0-0 7. 0-0 b6 8. b3 Bb7 9. Bb2 Nbd7 10. Qe2 Rc8 11. Ne5 c5 12. Rac1 Ne4 13. Rfd1 Nxd2 14. Rxd2 cxd4 15. Bxd4 Bb4 16. Rdc2 Nc5 17. Bxc5 Bxc5 18. Rd1 Qe7 19. cxd5 Bxd5 20. Bc4 Be4 21. Rcd2 Rfd8 22. Qg4 Bf5 23. Qf3 Rxd2 24. Rxd2 Qc7 25. Ba6 Rf8 26. Nc4 Bb4 27. Rd1 h6 28. g4 Bc2 29. Rc1 Bd3 30. Qd1 Bg6 31. Na5 Rd8 32. Qf1 Qd7 33. Nc6 Ba3 34. Nxd8 Bxc1 35. Qxc1 Qxd8 36. Qc8 Qxc8 37. Bxc8 Bb1 38. a3 Bc2 39. b4 Kf8 40. f3 Ke7 41. Kf2 Kd6 42. Ba6 Kc6 43. Be2 a5 44. bxa5 bxa5 45. Ke1 Bg6 46. Kd2 e5 47. Kc3 f6 48. Bd3 Bf7 49. Bc4 Be8 50. Bd3 Kc5 51. Be4 Bf7 52. f4 Be6 53. h3 1/2-1/2

[Event "VIE-chT (Women)"]
[Site "Ho Chi Minh City"]
[Date "2017.07.29"]
[Round "9.9"]
[White "Hoang, Thi Hai Anh"]
[Black "Chau, Thi Ngoc Giao"]
[Result "1-0"]
[WhiteElo "1917"]
[BlackElo "2137"]
[PlyCount "119"]
[EventDate "2017.07.24"]
[EventType "team-swiss"]
[EventRounds "9"]
[EventCountry "VIE"]
[SourceTitle "EXT 2019"]
[Source "ChessBase"]
[SourceDate "2018.10.10"]
[SourceVersion "1"]
[SourceVersionDate "2018.10.10"]
[SourceQuality "1"]

1. d4 d5 2. Nf3 Nf6 3. c4 dxc4 4. Nc3 e6 5. e3 a6 6. a4 b6 7. Bxc4 Bb7 8. 0-0 Bb4 9. Qe2 0-0 10. Rd1 Qe7 11. Bd3 c5 12. e4 cxd4 13. Nxd4 Qc7 14. Bd2 Bxc3 15. Bxc3 Nbd7 16. Rac1 Qf4 17. f3 Rfc8 18. Bc2 Rc7 19. Be1 Qg5 20. e5 Nd5 21. Bxh7+ Kxh7 22. Rxc7 Nxc7 23. Qc2+ Kg8 24. Qxc7 Bc8 25. Nc6 Kh7 26. Rxd7 Qe3+ 27. Kf1 Bxd7 28. Qxd7 Qc5 29. Ne7 Qc4+ 30. Kg1 Qc5+ 31. Kh1 g6 32. h3 Qxe5 33. Bc3 Qe3 34. Qd4 Qxd4 35. Bxd4 b5 36. axb5 axb5 37. b4 Ra6 38. Bc5 Kg7 39. Nc8 Ra8 40. Nd6 Rb8 41. Ba7 Ra8 42. Nxb5 Kf6 43. Kh2 Ke7 44. Bc5+ Kd7 45. Nc3 Kc6 46. Kg3 Ra3 47. Ne4 Rd3 48. Ng5 Rd7 49. Kf4 Rd5 50. g4 e5+ 51. Ke4 f6 52. Nh7 Rd1 53. Nxf6 Re1+ 54. Be3 Rb1 55. Kxe5 Rxb4 56. h4 Rb5+ 57. Ke4 Kd6 58. h5 Re5+ 59. Kd3 gxh5 60. Bf4 1-0

[Event "VIE-chT (Women)"]
[Site "Ho Chi Minh City"]
[Date "2017.07.28"]
[Round "8.3"]
[White "Nguyen, Thi Mai Hung"]
[Black "Hoang, Thi Hai Anh"]
[Result "1-0"]
[WhiteElo "2275"]
[BlackElo "1917"]
[PlyCount "39"]
[EventDate "2017.07.24"]
[EventType "team-swiss"]
[EventRounds "9"]
[EventCountry "VIE"]
[SourceTitle "EXT 2019"]
[Source "ChessBase"]
[SourceDate "2018.10.10"]
[SourceVersion "1"]
[SourceVersionDate "2018.10.10"]
[SourceQuality "1"]

1. d4 d5 2. Nf3 Nf6 3. c4 c6 4. Nc3 dxc4 5. a4 Bf5 6. e3 e6 7. Bxc4 Bb4 8. 0-0 0-0 9. Qe2 Nbd7 10. e4 Bg4 11. h3 Bxf3 12. Qxf3 a6 13. Rd1 Nb6 14. Bb3 Qe7 15. Bg5 h6 16. Bh4 g5 17. Bg3 Bxc3 18. bxc3 Rfd8 19. Bc2 Nc4 20. e5 1-0

[Event "VIE-ch (Women)"]
[Site "Bac Giang"]
[Date "2016.06.27"]
[Round "8"]
[White "Bui, Thi Diep Anh"]
[Black "Hoang, Thi Hai Anh"]
[Result "1-0"]
[WhiteElo "1751"]
[BlackElo "1934"]
[PlyCount "41"]
[EventDate "2016.06.22"]
[EventType "swiss"]
[EventRounds "9"]
[EventCountry "VIE"]
[SourceTitle "EXT 2017"]
[Source "ChessBase"]
[SourceDate "2016.10.25"]
[SourceVersion "1"]
[SourceVersionDate "2016.10.25"]
[SourceQuality "1"]

1. e4 d5 2. exd5 Nf6 3. d4 Nxd5 4. c4 Nf6 5. Nc3 e6 6. Nf3 Be7 7. Bf4 0-0 8. Be2 b6 9. 0-0 Bb7 10. Nb5 Na6 11. Ne5 c5 12. Bf3 Bxf3 13. Qxf3 Re8 14. Nc6 Qd7 15. Rad1 cxd4 16. Rxd4 Qb7 17. Nc7 Kf8 18. Nxe8 Kxe8 19. Rfd1 Nb4 20. Nxe7 Qxf3 21. gxf3 1-0

[Event "VIE-ch (Women)"]
[Site "Bac Giang"]
[Date "2016.06.24"]
[Round "5"]
[White "Hoang, Thi Hai Anh"]
[Black "Nguyen, Thi Phuong Thao"]
[Result "0-1"]
[WhiteElo "1934"]
[BlackElo "2077"]
[PlyCount "112"]
[EventDate "2016.06.22"]
[EventType "swiss"]
[EventRounds "9"]
[EventCountry "VIE"]
[SourceTitle "EXT 2017"]
[Source "ChessBase"]
[SourceDate "2016.10.25"]
[SourceVersion "1"]
[SourceVersionDate "2016.10.25"]
[SourceQuality "1"]

1. d4 d5 2. c4 dxc4 3. e3 e6 4. Nf3 Nf6 5. Bxc4 a6 6. 0-0 c5 7. b3 b5 8. Be2 Bb7 9. Bb2 Nbd7 10. Nbd2 Be7 11. Rc1 0-0 12. dxc5 Nxc5 13. Ne5 Rc8 14. Bf3 Nd5 15. Ne4 Nxe4 16. Bxe4 Rxc1 17. Qxc1 Qa8 18. Bf3 Rc8 19. Qd2 Bb4 20. Qe2 f6 21. Nd3 Bc3 22. Bxd5 Bxd5 23. Nf4 b4 24. Rd1 Bc6 25. Bxc3 bxc3 26. Nxe6 Qb7 27. Nd8 Qb5 28. Qxb5 axb5 29. Nxc6 Rxc6 30. Kf1 b4 31. Ke2 Ra6 32. Ra1 Kf7 33. Kd3 Rc6 34. Kc2 Ke6 35. Rd1 Ra6 36. Kb1 c2+ 37. Kxc2 Rxa2+ 38. Kd3 Rxf2 39. Rd2 Rxd2+ 40. Kxd2 Kd5 41. Kd3 f5 42. Kd2 Ke4 43. Ke2 g5 44. Kd2 h5 45. Ke2 h4 46. Kd2 g4 47. Ke2 f4 48. exf4 Kxf4 49. Kd3 h3 50. gxh3 gxh3 51. Ke2 Ke4 52. Kd2 Kd4 53. Kc2 Ke3 54. Kc1 Kd3 55. Kb2 Kd2 56. Kb1 Kc3 0-1

[Event "VIE-ch (Women)"]
[Site "Bac Giang"]
[Date "2016.06.23"]
[Round "3"]
[White "Hoang, Thi Hai Anh"]
[Black "Vo, Thi Kim Phung"]
[Result "0-1"]
[WhiteElo "1934"]
[BlackElo "2183"]
[PlyCount "72"]
[EventDate "2016.06.22"]
[EventType "swiss"]
[EventRounds "9"]
[EventCountry "VIE"]
[SourceTitle "EXT 2017"]
[Source "ChessBase"]
[SourceDate "2016.10.25"]
[SourceVersion "1"]
[SourceVersionDate "2016.10.25"]
[SourceQuality "1"]

1. d4 Nf6 2. c4 e6 3. Nf3 Bb4+ 4. Bd2 Qe7 5. e3 0-0 6. Bxb4 Qxb4+ 7. Qd2 Qe7 8. Be2 d6 9. 0-0 e5 10. dxe5 dxe5 11. Nc3 c6 12. b3 Bg4 13. a4 a5 14. Qc2 Na6 15. Rfb1 Nb4 16. Qb2 Rfd8 17. Rc1 Bxf3 18. Bxf3 Nd3 19. Qe2 Nxc1 20. Rxc1 e4 21. Bg4 Rd3 22. g3 Rad8 23. Rc2 g6 24. h4 h5 25. Bh3 Qb4 26. Na2 Qxb3 27. Bf1 Qxa4 28. Rb2 Ng4 29. Qc2 Qxc2 30. Rxc2 Rd2 31. Rxd2 Rxd2 32. Nc3 Nxf2 33. Bg2 f5 34. Kf1 Ng4 35. Ne2 Nxe3+ 36. Kf2 Nxg2 0-1

[Event "VIE-ch (Women)"]
[Site "Bac Giang"]
[Date "2016.06.22"]
[Round "1"]
[White "Hoang, Thi Hai Anh"]
[Black "Phung, Thi Quynh Trang"]
[Result "1-0"]
[WhiteElo "1934"]
[BlackElo "1862"]
[PlyCount "109"]
[EventDate "2016.06.22"]
[EventType "swiss"]
[EventRounds "9"]
[EventCountry "VIE"]
[SourceTitle "EXT 2017"]
[Source "ChessBase"]
[SourceDate "2016.10.25"]
[SourceVersion "1"]
[SourceVersionDate "2016.10.25"]
[SourceQuality "1"]

1. d4 Nf6 2. c4 g6 3. Nc3 Bg7 4. e4 d6 5. g3 0-0 6. Bg2 Nc6 7. Nge2 e5 8. d5 Ne7 9. 0-0 Ne8 10. f4 f5 11. h3 Nf6 12. Kh2 Qd7 13. exf5 Nxf5 14. Qd3 Re8 15. fxe5 dxe5 16. Bg5 e4 17. Qd2 Nh5 18. Be3 Be5 19. Nxe4 Bxb2 20. Rab1 Rxe4 21. Bxe4 Nfxg3 22. Nxg3 Qxh3+ 23. Kg1 Qxg3+ 24. Bg2 Be5 25. Rf3 Qh2+ 26. Kf2 Qh4+ 27. Kg1 Bh2+ 28. Kf1 Ng3+ 29. Rxg3 Bxg3 30. Qd4 Qxd4 31. Bxd4 a6 32. a4 b6 33. d6 Rb8 34. Bd5+ Kf8 35. c5 cxd6 36. cxb6 Bb7 37. Bxb7 Rxb7 38. Kg2 Be5 39. Bxe5 dxe5 40. Kf3 Kg7 41. Ke4 Kf6 42. Kd5 Kf5 43. Kc6 Rb8 44. Kc7 Rg8 45. b7 h5 46. b8Q Rxb8 47. Rxb8 e4 48. a5 g5 49. Kb7 Kf4 50. Kxa6 g4 51. Kb6 e3 52. a6 Kf3 53. a7 e2 54. a8Q+ Kf2 55. Qh1 1-0

[Event "VIE-ch (Women)"]
[Site "Vietnam"]
[Date "2016.05.02"]
[Round "8"]
[White "Hoang, Thi Hai Anh"]
[Black "Tran, Thi Mong Thu"]
[Result "1/2-1/2"]
[WhiteElo "1917"]
[BlackElo "1921"]
[PlyCount "116"]
[EventDate "2016.04.27"]
[EventType "swiss"]
[EventRounds "9"]
[EventCountry "VIE"]
[SourceTitle "CBM 172 Extra"]
[Source "ChessBase"]
[SourceDate "2016.06.21"]
[SourceVersion "1"]
[SourceVersionDate "2016.06.21"]
[SourceQuality "1"]

1. d4 d5 2. Nf3 Nf6 3. c4 c6 4. Nc3 e6 5. e3 Nbd7 6. Qc2 Bd6 7. Bd3 dxc4 8. Bxc4 b5 9. Bd3 Bb7 10. 0-0 h6 11. b3 Rc8 12. Bb2 a6 13. Rad1 Qe7 14. Qe2 g5 15. Ne4 Nxe4 16. Bxe4 f5 17. Bxc6 Bxc6 18. d5 e5 19. dxc6 Rxc6 20. Qd3 g4 21. Qd5 Rb6 22. Ne1 Qf7 23. f4 gxf3 24. Qa8+ Bb8 25. Nxf3 0-0 26. Nh4 f4 27. exf4 exf4 28. Qf3 Ne5 29. Bxe5 Bxe5 30. Qg4+ Kh8 31. Rd7 Qf6 32. Nf3 Bb8 33. Rfd1 Rg8 34. Qh4 Qg6 35. Qf2 Qf6 36. Qc2 Qg6 37. Qb2+ Qf6 38. Qc2 Qg6 39. Qd2 Qf6 40. Qd3 Qg6 41. Qe2 Re6 42. Qb2+ Qf6 43. Qxf6+ Rxf6 44. Rd8 Bc7 45. Rxg8+ Kxg8 46. Rd7 Rf7 47. Rxf7 Kxf7 48. Kf1 Kf6 49. Ke2 Kf5 50. Kd3 Bb6 51. h3 h5 52. Nd2 Ke5 53. Ne4 Ba7 54. a4 bxa4 55. bxa4 Bb6 56. Nd2 Kd5 57. Ne4 Ke5 58. Nc3 Bd8 1/2-1/2